| 000 | 00347nam a22001217a 4500 | ||
|---|---|---|---|
| 008 | 160511b xxu||||| |||| 00| 0 eng d | ||
| 020 | _a9780786860562 | ||
| 020 | _a0786860561 | ||
| 041 | _aeng | ||
| 080 | _a61 | ||
| 245 |
_aThe consumers medical desk reference: _cCharles B. Inlander amd the stsff of the peoples medical society: |
||
| 942 |
_2udc _cBK |
||
| 999 |
_c2014 _d2014 |
||